| 000 | 03169nam0a2200361 4500 | ||
|---|---|---|---|
| 001 | RU\NLR\BIBL_A\016334584 | ||
| 005 | 20240726160445.0 | ||
| 010 |
_a978-5-907116-87-0 _9300 |
||
| 021 |
_aRU _bКН-П-23-013460 _9КН-П-23-1329 |
||
| 035 | _a(NLR Aleph) 016334584 | ||
| 035 | _a(RuMoRGB)011626990 | ||
| 090 |
_a13071560 _c13071560 |
||
| 100 | _a20230405d2022 u y0rusy50 ca | ||
| 101 | 0 | _arus | |
| 102 | _aRU | ||
| 105 | _aac||z||||||z| | ||
| 181 | 1 |
_ai3 _baxxe |
|
| 182 | 1 | _an | |
| 200 | 1 |
_aЭргономика и дизайн подъемно-транспортных, строительных, дорожных средств и оборудования _eучебное пособие _eдля студентов, обучающихся по специальностям и направлениям подготовки: 23.05.01 Наземные транспортно-технологические средста, специализации "Подъёмно-транспортные, строительные, дорожные средства и оборудование"; 23.03.03 Эксплуатация транспортно-технологических машин и комплексов, профиль "Автомобили и автомобильное хозяйство"; 23.04.02 Наземные транспортно-технологические комплексы, магистерская программа "Автотранспортные средства, строительные и дорожные машины"; 23.04.03 Эксплуатация транспортно-технологических машин и комплексов, магистерская прогамма "Управление технической эксплуатацией автотранспортных средств" _fБ. С. Доброборский, П. А. Стёпина, Н. В. Подопригора _gМинистерство науки и высшего образования Российской Федерации, Санкт-Петербургский государственный архитектурно-строительный университет |
|
| 203 |
_aТекст _bвизуальный _cнепосредственный |
||
| 210 |
_aСанкт-Петербург _cСПбГАСУ _d2022 |
||
| 215 |
_a247 с. _cил., портр., табл. _d21 |
||
| 606 | 1 |
_aТранспортные машины _jУчебные издания для высших учебных заведений _xЭргономические требования _91808174 _3RU\NLR\AUTH\661108735 |
|
| 675 |
_a621.86/.87:331.101.1(075.8) _v4 |
||
| 686 |
_a39.9я73 _2rubbks |
||
| 686 | 1 | _aО12-021.7я73-1 | |
| 700 | 1 |
_aДоброборский _bБ. С. _f1945- _gБорис Самуилович |
|
| 701 | 1 |
_aСтепина _bП. А. _gПолина Александровна |
|
| 701 | 1 |
_aПодопригора _bН. В. _cканд. техн. наук _gНиколай Владимирович _9213616 _3RU\NLR\AUTH\770213672 |
|
| 942 | _cBOOK | ||
| 980 | _aNB | ||